书目信息 |
| 题名: |
中低压电控实用技术
|
|
| 作者: | 隋振有 编著 | |
| 分册: | ||
| 出版信息: | 北京 机械工业出版社 2003.03 |
|
| 页数: | 604页 | |
| 开本: | 21cm | |
| 丛书名: | ||
| 单 册: | ||
| 中图分类: | TM921.5 | |
| 科图分类: | ||
| 主题词: | 电气控制 | |
| 电子资源: | ||
| ISBN: | 7-111-11551-1 | |
| 000 | 00626nam0 2200217 45 | |
| 001 | 012004000000 | |
| 005 | 20050106092235.47 | |
| 010 | @a7-111-11551-1@dCNY 36.00 | |
| 100 | @a20041110d2003 em y0chiy0121 ea | |
| 101 | 0 | @achi |
| 102 | @aCN@b110000 | |
| 105 | @aak z 000yy | |
| 200 | 1 | @a中低压电控实用技术@Azhong di ya dian kong shi yong ji shu@f隋振有编著 |
| 210 | @a北京@c机械工业出版社@d2003.03 | |
| 215 | @a604页@c图, 表格@d21cm | |
| 320 | @a本书含附录和参考文献 | |
| 606 | 0 | @a电气控制 |
| 690 | @aTM921.5@v4 | |
| 701 | 0 | @a隋振有@Asui zhen you@4编著 |
| 801 | 0 | @aCN@bQSSK@c20050106 |
| 905 | @a10447@dTM921.5@eS885 | |
| 中低压电控实用技术/隋振有编著.-北京:机械工业出版社,2003.03 |
| 604页:图, 表格;21cm |
| ISBN 7-111-11551-1:CNY 36.00 |
| ● |
| 相关链接 |
|
|
|
正题名:中低压电控实用技术
索取号:TM921.5/S885
 
预约/预借
| 序号 | 登录号 | 条形码 | 馆藏地/架位号 | 状态 | 备注 |
| 1 | 434736 | 204347368 | 自科库301/301自科库 21排1列1层/ [索取号:TM921.5/S885] | 在馆 | |
| 2 | 434737 | 204347377 | 自科二线404/301自科库 14排2列5层/ [索取号:TM921.5/S885] | 在馆 | |
| 3 | 434738 | 204347386 | 自科库301/301自科库 21排1列1层/ [索取号:TM921.5/S885] | 在馆 |